Music Quiz

Random Music or The Beatles Quiz

Beatles Major Releases Quiz Stats

 Plays Quiz not verified by Sporcle

Support Sporcle.
Go Orange.
Score 0/13 Timer 04:00
0 Plays Today
% Correct
The Beatles
97.8%
Abbey Road
95.5%
Please Please Me
94.4%
Sgt. Pepper's
94.4%
Hard Days Night
93.3%
Rubber Soul
93.3%
Help!
92.1%
Let It Be
92.1%
With The Beatles
89.9%
Revolver
89.9%
Yellow Submarine
89.9%
Beatles For Sale
86.5%
Magical Mystery Tour
85.4%

You're not logged in!

Compare scores with friends on all Sporcle quizzes.
OR
Log In

From the Vault

TV Character Chain

by DesertSpartan

A chain is no stronger than its weakest character.
Remove Ads.
Support Sporcle.
Get the best of Sporcle when you Go Orange. This ad-free experience offers more features, more stats, and more fun while also helping to support Sporcle. Thank you for becoming a member.

Show Comments

Extras

Top Quizzes Today


Score Distribution

Your Account Isn't Verified!

In order to create a playlist on Sporcle, you need to verify the email address you used during registration. Go to your Sporcle Settings to finish the process.

Report this User

Report this user for behavior that violates our Community Guidelines.

Details: